000 00280nam a2200121Ia 4500
008 230627s9999 xx 000 0 und d
041 _aeng
082 _a345.026
_bJAG
100 _aJagdish Lal
245 _aIndian Penal Code
260 _bDelhi Law House
_c1978
300 _a170p
999 _c680887
_d680887